|
|
|
|
| LEADER |
00000nam0a2200000 4500 |
| 001 |
127932 |
| 005 |
20231101220103.0 |
| 020 |
|
|
|a RU
|b 84-59218
|
| 035 |
|
|
|a (RuTPU)RU\TPU\book\138385
|
| 090 |
|
|
|a 127932
|
| 100 |
|
|
|a 20071221d1983 m y0rusy5003 ca
|
| 101 |
1 |
|
|a rus
|
| 102 |
|
|
|a RU
|
| 105 |
|
|
|a a z 000ay
|
| 200 |
1 |
|
|a Морской волк
|e Роман, рассказы. Пер с англ.
|f Дж. Лондон
|g худож. С. Макаренко
|
| 210 |
|
|
|a Алма-Ата
|c Жалын
|d 1983
|
| 215 |
|
|
|a 408 с.
|c ил.
|d 22 см
|
| 610 |
1 |
|
|a американская литература
|
| 610 |
1 |
|
|a романы
|
| 610 |
1 |
|
|a рассказы
|
| 675 |
|
|
|a 82
|z rus
|
| 700 |
|
1 |
|a Лондон
|b Дж.
|c настоящее имя Джон Гриффит
|c американский писатель
|f 1876-1916
|g Джек
|2 stltpush
|3 (RuTPU)RU\TPU\pers\14989
|9 5109
|
| 702 |
|
1 |
|a Макаренко
|b С.
|4 440
|
| 801 |
|
0 |
|a RU
|b RuMRKP
|c 19950704
|g psbo
|
| 801 |
|
1 |
|a RU
|b 63413507
|c 20071221
|g PSBO
|
| 801 |
|
2 |
|a RU
|b 63413507
|c 20071221
|g PSBO
|
| 942 |
|
|
|c BK
|